Statistics for BioWare Developed Games

Click here to take the quiz!

General Stats

  • This quiz has been taken 13 times
  • The average score is 10 of 11

Answer Stats

HintGame% Correct
In a technologically advanced future, an elite human soldier takes command of a prototype star ship and works to defend the galaxy from danger.Mass Effect
100%
After being revived from death and having to join a pro-human organization without a choice, Commander Shepard must assemble a team, battle a new threat, and make tough choices in order to save the galaxy from total annihilation once more.Mass Effect 2
100%
Earth is under attack by a monstrous race of gigantic living ships known as the Reapers. Even if Commander Shepard could unite all surviving species in the galaxy, only a miracle could save them. Then again, Shepard did come back from the dead.Mass Effect 3
100%
The Andromeda Initiative sets a course for a new galaxy, hoping to find a new home for the species of the Milky Way.Mass Effect: Andromeda
100%
The medieval world of Thedas is invaded by demonic Darkspawn. Hawke and his family are saved by a powerful mysterious witch Flemeth. They end up in a foreign city where racial, religious and political tensions threaten to tear it apart.Dragon Age II
92%
When the Chantry is destroyed, leaving only one survivor, demons are loosed up on the world. In an attempt to restore order and save the world, the survivor--now the inquisitor-- instigates the long forgotten inquisition.Dragon Age: Inquisition
92%
After four hundred years since the last Blight, a new Archdemon seeks to destroy the land of Ferelden. It is up to the player - as one of the remaining Grey Wardens - to unite the divided armies of Ferelden and save humanity.Dragon Age: Origins
92%
A republic soldier, training to become a Jedi Knight, is given the task of halting the conquest of Darth Malak by discovering the location of a weapon known as the Star Forge.Star Wars: Knights of the Old Republic
83%
Upon an unfinished world, humanity struggles to survive in a savage environment full of diverse threats. Equipped with incredible Javelin exosuits, a faction known as the Freelancers seeks to tip the balance in mankind's favor.Anthem
67%
The main character, ward of mystical monk Gorion, leaves his order's keep for the first time and starts a journey to discover his true identity. But someone wants him dead.Baldur's Gate
67%
Jon Irenicus, a sadistic secretive powerful mage bent on revenge, captures Gorion's ward and his/her party for a diabolical experiment.Baldur's Gate II: Shadows of Amn
58%

Score Distribution

Percentile by Number Answered

Percent of People with Each Score

Your Score History

You have not taken this quiz